000 00761nam a2200289Ia 4500
001 33845
003 IT-RoPAU
008 130308s9999 xx 000 0 und d
040 _aIT-RoPAU
040 _cIT-RoPAU
041 _aINGLESE
100 _aWorth Katharine
100 _gCodice Aut. SPICS: 14945
245 _aBeckett and the Radio Medium
245 _bBritish Radio Drama
260 _aCAMBRIDGE
260 _bCambridge University Press
260 _c1981 [1° Ed.:1981 - Ed.Ling.Originale:1981]
300 _a"17 p. (prefazione: no ; testo: [pagine: 191-217])"
500 _aBeckett e la Radio
650 _aGENERI RADIOFONICI
650 _eCodice materia Spics: 6910
942 _cBK
957 _71
999 _c56835
_d56835
999 _bSI
999 _g1